[Event "Kisber op"]
[Site "Kisber"]
[Date "2011.07.22"]
[Round "3"]
[White "Balogh, Peter"]
[Black "Horvath, Imre"]
[Result "0-1"]
[WhiteElo "1944"]
[BlackElo "2271"]
[PlyCount "96"]
[EventDate "2011.07.21"]
[EventType "swiss"]
[EventRounds "7"]
[EventCountry "HUN"]
[SourceTitle "EXT 2012"]
[Source "ChessBase"]
[SourceDate "2011.11.24"]
[SourceVersion "1"]
[SourceVersionDate "2011.11.24"]
[SourceQuality "1"]

1. e4 c5 2. Nf3 e6 3. d4 cxd4 4. Nxd4 Nf6 5. Nc3 Bb4 6. Bd3 Nc6 7. Nxc6 dxc6 8. 0-0 e5 9. Bg5 h6 10. Bh4 Be6 11. Bg3 Qc7 12. f4 exf4 13. Bxf4 Bd6 14. Bxd6 Qxd6 15. Qf3 Qe5 16. Qf4 Qxf4 17. Rxf4 Nd7 18. Ne2 Nc5 19. Nd4 Rd8 20. Nxe6 Nxe6 21. Rf2 Ke7 22. Raf1 Rhf8 23. Rf5 b6 24. Kf2 Nd4 25. Rh5 Nxc2 26. Bxc2 Rd2+ 27. Ke3 Rxc2 28. Rf2 Rxf2 29. Kxf2 Ke6 30. g4 Rd8 31. Ke3 Rd1 32. g5 hxg5 33. Rxg5 g6 34. Rg2 c5 35. b3 Rd4 36. Rc2 Ke5 37. Rc4 Rxc4 38. bxc4 a6 39. a4 a5 40. h3 g5 41. Kf3 Kd4 42. Kg4 Kxe4 43. Kxg5 f5 44. h4 f4 45. h5 f3 46. h6 f2 47. h7 f1Q 48. h8Q Qg1+ 0-1

[Event "Kisber op"]
[Site "Kisber"]
[Date "2011.07.21"]
[Round "1"]
[White "Horvath, Miklos2222"]
[Black "Horvath, Imre"]
[Result "0-1"]
[WhiteElo "2004"]
[BlackElo "2271"]
[PlyCount "55"]
[EventDate "2011.07.21"]
[EventType "swiss"]
[EventRounds "7"]
[EventCountry "HUN"]
[SourceTitle "EXT 2012"]
[Source "ChessBase"]
[SourceDate "2011.11.24"]
[SourceVersion "1"]
[SourceVersionDate "2011.11.24"]
[SourceQuality "1"]

1. Nf3 d5 2. d4 Nf6 3. g3 c6 4. Bg2 Bf5 5. 0-0 e6 6. a4 Nbd7 7. Nbd2 h6 8. c4 Be7 9. c5 b6 10. b4 a5 11. bxa5 bxc5 12. dxc5 Bxc5 13. Nb3 Be4 14. Nxc5 Nxc5 15. Be3 Nfd7 16. Nd4 Bxg2 17. Kxg2 Ra6 18. Bd2 0-0 19. Rc1 e5 20. Nf3 Ne6 21. e3 c5 22. Qb3 Qa8 23. Qb5 Rd6 24. Qe2 d4 25. e4 Nf6 26. Rfe1 d3 27. Qe3 Ng4 28. h3 0-1

[Event "Dunaujvaros op"]
[Site "Dunaujvaros"]
[Date "2011.03.14"]
[Round "5"]
[White "Okhotnik, Vladimir"]
[Black "Horvath, Imre"]
[Result "1-0"]
[WhiteElo "2428"]
[BlackElo "2280"]
[PlyCount "73"]
[EventDate "2011.03.12"]
[EventType "swiss"]
[EventRounds "7"]
[EventCountry "HUN"]
[SourceTitle "CBM 141 Extra"]
[Source "ChessBase"]
[SourceDate "2011.05.03"]
[SourceVersion "1"]
[SourceVersionDate "2011.05.03"]
[SourceQuality "1"]

1. e4 c6 2. d4 d5 3. e5 Bf5 4. Nd2 e6 5. Nb3 Nd7 6. Nf3 Ne7 7. Be2 Nc8 8. a4 Be7 9. 0-0 0-0 10. a5 b5 11. axb6 Ncxb6 12. Na5 Qc7 13. c3 c5 14. dxc5 Nxc5 15. Nd4 Qxe5 16. g4 Be4 17. f3 Bg6 18. f4 Qc7 19. f5 e5 20. Ndc6 Bd6 21. b4 Ne4 22. Qd3 Nf6 23. Qh3 d4 24. cxd4 exd4 25. fxg6 hxg6 26. Bf3 Rac8 27. Qg2 d3 28. Ra2 Bxb4 29. Nxb4 Qc5+ 30. Kh1 Qxb4 31. Ba3 Qxa5 32. Bxf8 Qe1 33. Bc5 Qc3 34. Bxb6 axb6 35. g5 Nh5 36. Bxh5 gxh5 37. Qd5 1-0

[Event "Dunaujvaros op"]
[Site "Dunaujvaros"]
[Date "2011.03.12"]
[Round "2"]
[White "Horvath, Imre"]
[Black "Konya, Attila Sr"]
[Result "1-0"]
[WhiteElo "2280"]
[BlackElo "1770"]
[PlyCount "57"]
[EventDate "2011.03.12"]
[EventType "swiss"]
[EventRounds "7"]
[EventCountry "HUN"]
[SourceTitle "CBM 141 Extra"]
[Source "ChessBase"]
[SourceDate "2011.05.03"]
[SourceVersion "1"]
[SourceVersionDate "2011.05.03"]
[SourceQuality "1"]

1. c4 e5 2. Nc3 Nc6 3. g3 Nf6 4. Bg2 Be7 5. Nf3 d5 6. cxd5 Nxd5 7. 0-0 Nb6 8. d3 0-0 9. a3 Be6 10. b4 a5 11. b5 Nd4 12. Nxd4 exd4 13. Na4 Nd5 14. Bb2 Bf6 15. Nc5 Ra7 16. Rc1 Bf5 17. Qb3 c6 18. Bxd5 cxd5 19. b6 a4 20. Qb4 Ra8 21. Nxb7 Qd7 22. Nc5 Qe7 23. Bxd4 Bxd4 24. Qxd4 Qxe2 25. Qxd5 Bh3 26. Rfe1 Qb2 27. b7 Rab8 28. Rb1 Rfe8 29. Rxe8+ 1-0

[Event "Szombathely op"]
[Site "Szombathely"]
[Date "2010.08.02"]
[Round "7"]
[White "Oswald, Heinz"]
[Black "Horvath, Imre"]
[Result "0-1"]
[WhiteElo "1981"]
[BlackElo "2297"]
[PlyCount "46"]
[EventDate "2010.07.27"]
[EventType "swiss"]
[EventRounds "7"]
[EventCountry "HUN"]
[SourceTitle "CBM 137 Extra"]
[Source "ChessBase"]
[SourceDate "2010.09.01"]
[SourceVersion "1"]
[SourceVersionDate "2010.09.01"]
[SourceQuality "1"]

1. e4 c5 2. c3 d5 3. exd5 Qxd5 4. d4 e6 5. Nf3 Nf6 6. Be2 Be7 7. 0-0 0-0 8. Na3 Qd8 9. Bf4 cxd4 10. Nb5 Nd5 11. Bxb8 Rxb8 12. Nbxd4 Nf4 13. Bc4 Qc7 14. Qb3 a6 15. Rfe1 b5 16. Bf1 Bb7 17. g3 Ng6 18. Re3 e5 19. Ne6 fxe6 20. Qxe6+ Kh8 21. Nxe5 Nxe5 22. Rxe5 Bc5 23. Re2 Rxf2 0-1

[Event "Szombathely op"]
[Site "Szombathely"]
[Date "2010.08.01"]
[Round "6"]
[White "Horvath, Imre"]
[Black "Tomasic, Dragutin"]
[Result "0-1"]
[WhiteElo "2297"]
[BlackElo "2068"]
[PlyCount "91"]
[EventDate "2010.07.27"]
[EventType "swiss"]
[EventRounds "7"]
[EventCountry "HUN"]
[SourceTitle "CBM 137 Extra"]
[Source "ChessBase"]
[SourceDate "2010.09.01"]
[SourceVersion "1"]
[SourceVersionDate "2010.09.01"]
[SourceQuality "1"]

1. e4 c6 2. d4 d5 3. exd5 cxd5 4. Bd3 e6 5. Bf4 Bd6 6. Bxd6 Qxd6 7. c3 Nf6 8. Nd2 Nbd7 9. Ngf3 b6 10. 0-0 Bb7 11. Re1 0-0 12. Ne5 Rfd8 13. Qf3 Nf8 14. g4 Qe7 15. Qg3 Ng6 16. f4 Ne4 17. Nxg6 hxg6 18. Nxe4 dxe4 19. Bxe4 Bd5 20. Qg2 Qc7 21. Bxd5 Rxd5 22. Re5 Rad8 23. Rae1 b5 24. f5 Rxe5 25. Rxe5 gxf5 26. Rxb5 Qf4 27. gxf5 exf5 28. Qe2 Rd6 29. Re5 Rg6+ 30. Kh1 Qc1+ 31. Qe1 Qxb2 32. Qe2 Qb7+ 33. d5 Qb1+ 34. Qe1 Qxa2 35. Qf1 Qa4 36. c4 f4 37. h4 Rg4 38. h5 Qc2 39. Re2 Rh4+ 40. Kg2 Qf5 41. Qf3 Rg4+ 42. Kf2 Qxh5 43. d6 Qc5+ 44. Ke1 Rg1+ 45. Kd2 Qxd6+ 46. Kc2 0-1

[Event "Szombathely op"]
[Site "Szombathely"]
[Date "2010.07.29"]
[Round "3"]
[White "Berczes, Csaba"]
[Black "Horvath, Imre"]
[Result "1-0"]
[WhiteElo "2406"]
[BlackElo "2297"]
[PlyCount "127"]
[EventDate "2010.07.27"]
[EventType "swiss"]
[EventRounds "7"]
[EventCountry "HUN"]
[SourceTitle "CBM 137 Extra"]
[Source "ChessBase"]
[SourceDate "2010.09.01"]
[SourceVersion "1"]
[SourceVersionDate "2010.09.01"]
[SourceQuality "1"]

1. Nf3 d5 2. g3 c6 3. Bg2 Bf5 4. 0-0 e6 5. d3 h6 6. Nbd2 Nf6 7. c4 Be7 8. b3 0-0 9. Bb2 a5 10. a3 Nbd7 11. Rc1 Re8 12. Rc2 Bf8 13. Qa1 Bh7 14. Ne5 Nxe5 15. Bxe5 Nd7 16. Bc3 Nb6 17. Rcc1 Qe7 18. Bb2 c5 19. d4 cxd4 20. Bxd4 Qd8 21. cxd5 Nxd5 22. Nc4 Ra6 23. Rfd1 b5 24. Ne5 Qe7 25. Bc5 Qf6 26. Bxf8 Rxf8 27. Bxd5 exd5 28. Rxd5 b4 29. Nd7 Qxa1 30. Rxa1 Rfa8 31. Nc5 Rb6 32. axb4 Rxb4 33. Rxa5 Rc8 34. Ra7 Bc2 35. Nd3 Rxb3 36. Rdd7 Bxd3 37. exd3 Rf8 38. Kg2 h5 39. Ra2 Rc8 40. Kf3 Rc6 41. Ke4 Re6+ 42. Kd4 h4 43. Ra8+ Kh7 44. Kc4 Reb6 45. Rxf7 R6b4+ 46. Kc5 hxg3 47. hxg3 Rg4 48. d4 Rc3+ 49. Kd5 Rd3 50. Ra4 Rd2 51. Ke5 Kg6 52. Rf8 Kh7 53. f4 Rxg3 54. d5 Re3+ 55. Re4 Red3 56. Rd8 Kg6 57. Ke6 Rd4 58. Rxd4 Rxd4 59. Rf8 Rd1 60. d6 Re1+ 61. Kd7 Kh5 62. Kd8 Kg4 63. d7 g6 64. Rf6 1-0

[Event "HUN-chT2 Szechenyi 0910"]
[Site "Hungary"]
[Date "2010.04.11"]
[Round "9.1"]
[White "Horvath, Imre"]
[Black "Fancsy, Imre"]
[Result "1/2-1/2"]
[WhiteElo "2294"]
[BlackElo "2398"]
[PlyCount "61"]
[EventDate "2009.11.08"]
[EventType "team-tourn"]
[EventRounds "11"]
[EventCountry "HUN"]
[SourceTitle "EXT 2011"]
[Source "ChessBase"]
[SourceDate "2010.11.26"]
[SourceVersion "1"]
[SourceVersionDate "2010.11.26"]
[SourceQuality "1"]
[WhiteTeam "Keszthely"]
[BlackTeam "BSC"]
[WhiteTeamCountry "HUN"]
[BlackTeamCountry "HUN"]

1. e4 c5 2. Nf3 Nc6 3. d4 cxd4 4. Nxd4 Nf6 5. Nc3 e6 6. Nxc6 bxc6 7. e5 Nd5 8. Ne4 Qc7 9. f4 Qb6 10. c4 Bb4+ 11. Ke2 f5 12. Nf2 Ba6 13. Kf3 Ne7 14. Be3 Bc5 15. Bxc5 Qxc5 16. Qd6 Qb6 17. b3 c5 18. Rd1 Bb7+ 19. Ke3 Qxd6 20. Rxd6 g5 21. fxg5 f4+ 22. Kd2 0-0-0 23. Bd3 Bxg2 24. Rg1 Bc6 25. Ng4 Bf3 26. Nf6 Ng6 27. Re1 Bc6 28. Bc2 Kc7 29. Rd3 f3 30. Kc3 Rhf8 31. Rd2 1/2-1/2

[Event "HUN-chT2 Szechenyi 0910"]
[Site "Hungary"]
[Date "2010.02.14"]
[Round "6.1"]
[White "Majeric, Zoran"]
[Black "Horvath, Imre"]
[Result "1/2-1/2"]
[WhiteElo "2238"]
[BlackElo "2294"]
[PlyCount "62"]
[EventDate "2009.11.08"]
[EventType "team-tourn"]
[EventRounds "11"]
[EventCountry "HUN"]
[SourceTitle "EXT 2011"]
[Source "ChessBase"]
[SourceDate "2010.11.26"]
[SourceVersion "1"]
[SourceVersionDate "2010.11.26"]
[SourceQuality "1"]
[WhiteTeam "Lovo"]
[BlackTeam "Keszthely"]
[WhiteTeamCountry "HUN"]
[BlackTeamCountry "HUN"]

1. e4 e5 2. Nf3 Nc6 3. Bb5 a6 4. Ba4 Nf6 5. 0-0 Be7 6. Re1 b5 7. Bb3 0-0 8. h3 d6 9. c3 Na5 10. Bc2 c5 11. d3 Bb7 12. Nbd2 Re8 13. Nf1 Bf8 14. Ng3 Nc6 15. d4 cxd4 16. cxd4 g6 17. d5 Nb4 18. Bb1 a5 19. a4 bxa4 20. Be3 Ba6 21. Rxa4 Bb5 22. Ra3 Nd7 23. Ne2 Nb6 24. Nc3 Bd7 25. Nd2 Qc7 26. Qe2 Rec8 27. Nb5 Qb8 28. Nc3 Qc7 29. Nb5 Qb8 30. Nc3 Qc7 31. Nb5 Qb8 1/2-1/2

[Event "HUN-chT2 Szechenyi 0910"]
[Site "Hungary"]
[Date "2010.01.31"]
[Round "5.1"]
[White "Horvath, Imre"]
[Black "Szabo, Adam"]
[Result "1-0"]
[WhiteElo "2294"]
[BlackElo "2116"]
[PlyCount "65"]
[EventDate "2009.11.08"]
[EventType "team-tourn"]
[EventRounds "11"]
[EventCountry "HUN"]
[SourceTitle "EXT 2011"]
[Source "ChessBase"]
[SourceDate "2010.11.26"]
[SourceVersion "1"]
[SourceVersionDate "2010.11.26"]
[SourceQuality "1"]
[WhiteTeam "Keszthely"]
[BlackTeam "Tapolca Szeremley"]
[WhiteTeamCountry "HUN"]
[BlackTeamCountry "HUN"]

1. Nf3 g6 2. e4 c6 3. d4 d5 4. exd5 cxd5 5. Bd3 Bg7 6. c3 Nf6 7. Bf4 Nc6 8. Nbd2 Bf5 9. Bxf5 gxf5 10. Ne5 Qb6 11. 0-0 e6 12. Rb1 0-0 13. Re1 Ne7 14. Bg5 Qc7 15. Re3 Ng6 16. Rh3 Nxe5 17. Bxf6 Bxf6 18. Qh5 Rfd8 19. Qxh7+ Kf8 20. dxe5 Bxe5 21. Re1 f4 22. Nf3 Bf6 23. Rxe6 Bg7 24. Qf5 d4 25. cxd4 Re8 26. Rxe8+ Rxe8 27. g3 Re2 28. gxf4 Rxb2 29. Ng5 Qc1+ 30. Kg2 Qc6+ 31. d5 Qg6 32. Qc8+ Ke7 33. Qc7+ 1-0